Principles of risk management and insurance (Record no. 115392)

MARC details
000 -LEADER
fixed length control field 00267 a2200109 4500
020 ## - INTERNATIONAL STANDARD BOOK NUMBER
International Standard Book Number 9789332584921
100 ## - MAIN ENTRY--PERSONAL NAME
Personal name George E. Rejda, Michael McNamara
245 ## - TITLE STATEMENT
Title Principles of risk management and insurance
250 ## - EDITION STATEMENT
Edition statement 13th
260 ## - PUBLICATION, DISTRIBUTION, ETC. (IMPRINT)
Name of publisher, distributor, etc Pearson
Date of publication, distribution, etc 2026
942 ## - ADDED ENTRY ELEMENTS (KOHA)
Koha item type On order/under processing
Holdings
Withdrawn status Lost status Damaged status Not for loan Home library Current library Date acquired Source of acquisition Cost, normal purchase price Total Checkouts Barcode Date last seen Cost, replacement price Price effective from Koha item type
        University Library University Library 04/03/2026 94 744.00   00097474 04/03/2026 930.00 04/03/2026 On order/under processing
University Library, CUSAT